Państwa które uznają Kosowo w Europie - Statystyki

Ogólne statystyki
  • Ten quiz został rozwiązany 65 razy
    44 od ostatniego zresetowania
  • Średni wynik to 25 z 34
Statystyki odpowiedzi
# Państwo % Poprawnych
25 Polska
100%
4 Belgia
86%
8 Czechy
86%
23 Niemcy
83%
11 Finlandia
81%
17 Litwa
81%
18 Łotwa
81%
24 Norwegia
81%
28 Słowenia
81%
34 Włochy
81%
2 Andora
78%
10 Estonia
78%
26 Portugalia
78%
30 Szwecja
78%
1 Albania
75%
6 Chorwacja
75%
12 Francja
75%
13 Holandia
75%
19 Luksemburg
75%
3 Austria
72%
29 Szwajcaria
72%
33 Wielka Brytania
72%
5 Bułgaria
69%
16 Liechtenstein
69%
31 Turcja
69%
32 Węgry
69%
9 Dania
67%
27 San Marino
67%
7 Czarnogóra
64%
20 Macedonia Północna
64%
14 Irlandia
58%
15 Islandia
58%
22 Monako
53%
21 Malta
50%
Nie znaleziono quizów pasujących do podanych kryteriów
Rozkład punktacji
Procent ludzi z każdym wynikiem
Percentyl według liczby udzielonych odpowiedzi
Twoja historia wyników
Nie rozwiązałeś tego quizu od ostatniego zresetowania